Normal view
MARC view
- Subhan, Ayesha
Entry Personal Name
001 - CONTROL NUMBER
- control field: 120145
003 - CONTROL NUMBER IDENTIFIER
- control field: NUST
005 - DATE AND TIME OF LATEST TRANSACTION
- control field: 20240129155951.0
008 - FIXED-LENGTH DATA ELEMENTS
- fixed length control field: 240129|| aca||aabn | a|a d
040 ## - CATALOGING SOURCE
- Original cataloging agency: NUST
- Transcribing agency: NUST
100 ## - HEADING--PERSONAL NAME
- Personal name: Subhan, Ayesha
670 ## - SOURCE DATA FOUND
- Source citation: Work cat.: (NUST): Subhan, Ayesha, Design, Analysis and Implementation of wide-band antenna for IBFD Applications/
